الفكر السياسي عند ابن حزم /
Saved in:
| Main Author: | |
|---|---|
| Other Authors: | |
| Format: | Thesis |
| Language: | Arabic |
| Published: |
Asyut, Misr :
Jami'at Asyut,
1990.
|
| Subjects: | |
| Tags: |
Add Tag
No Tags, Be the first to tag this record!
|
| LEADER | 016230000a22003490004500 | ||
|---|---|---|---|
| 001 | 488411 | ||
| 005 | 20230420113908.0 | ||
| 008 | 1990 ua s m ara | ||
| 035 | |a (Sirsi) 488411 | ||
| 040 | |a UIAM |b eng | ||
| 041 | |a ara | ||
| 050 | |a B753.I33 | ||
| 100 | 1 | |a خليل, نجاح محسن مدبولي |9 116796 | |
| 242 | 1 | 3 | |a al-Fikr al-siyasi 'inda Ibn Hazm |
| 245 | 1 | 2 | |a الفكر السياسي عند ابن حزم / |c نجاح محسن مدبولي خليل, اشراف محمد عاطف العراقي |
| 260 | |a Asyut, Misr : |b Jami'at Asyut, |c 1990. | ||
| 300 | |a viii, 210 leaves ; |c 30 cm. | ||
| 336 | |2 rdacontent | ||
| 337 | |2 rdamedia | ||
| 338 | |2 rdacarrier | ||
| 500 | |a "Risalah muqaddamah ... li-nayl darajat al-Majistir fi al-falsafah al-Islamiyah min qism al-falsafah bi Kulliyat al-Adab bi Suhaj, Jami'at Asyut."--On t. p. | ||
| 502 | |a Thesis (M.A.)--Jami'at Asyut, 1990. | ||
| 504 | |a Includes bibliographical referencs (leaves 188-206). | ||
| 600 | |a Ibn Hazm, 'Ali ibn Ahmad, |d 994-1064 |x Contributions in political science |9 116797 | ||
| 655 | |a Theses, Facsimile edition (Islamic). | ||
| 700 | |a Khalil, Najah Muhsin Madbuli |9 116798 | ||
| 710 | 2 | |a Jami'at Asyut. |b Kulliyat al-Adab bi-Suhaj. Qism al-Falsafah |9 116799 | |
| 710 | 2 | |a جامعة أسيوط. |b كلية الآداب بسوهاج. قسم الفلسفة |9 116800 | |
| 900 | |a pts sere-ami-naw | ||
| 942 | |2 lcc |n 0 | ||
| 999 | |c 434434 |d 465051 | ||
| 952 | |0 0 |6 TI B 753 I33 K45F 1990 |7 0 |8 THESES |9 756178 |a IIUM |b IIUM |c MULTIMEDIA |g 301.50 |o ti B 753 I33 K45F 1990 |p 00011171064 |r 2017-10-23 |t 1 |v 301.50 |y THESIS | ||
